000
00343nam a22001217a 4500
003
SGT
082
_a
920
_b
P11K
100
_a
खान, उषाकिरण
245
_a
प्रभावती :एक निष्कम्प दीप
260
_b
नेशनल बुक ट्रस्ट
_c
2011
300
_a
98
942
_2
ddc
_c
BK
999
_c
31968
_d
31968